Návrh a realizácia informačného systému na podporu správy dokumentov

Na minha lista:
Detalhes bibliográficos
Autor principal: Semenova, Daria (Author)
Outros Autores: Juhás, Martin (Thesis advisor)
Formato: Manuscrito Livro
Idioma:eslovaco
Publicado em: 2025
Assuntos:
Acesso em linha:http://is.stuba.sk/zp/portal_zp.pl?podrobnosti=180197
Tags: Adicionar Tag
Sem tags, seja o primeiro a adicionar uma tag!

MARC

LEADER 00000ntm a22000003a 4500
001 stuzp103663
003 SK-STU
005 20250628210718.1
007 ta
008 150427s2015----xo-----f-mn---000-0-slo-d
040 |a STU  |b slo 
041 0 |a slo 
100 1 |a Semenova, Daria  |u 066000  |4 aut  |U MTF Materiálovotechnologická fakulta  |T MTF Ústav aplikovanej informatiky, automatizácie a mechatroniky  |X 123594  |U M6000  |Y 86  |7 123594 
242 0 1 |a Design and implementation of an information system for document management support  |y eng 
245 1 0 |a Návrh a realizácia informačného systému na podporu správy dokumentov 
260 |c 2025 
650 4 |a C#  |2 slo 
650 4 |a MySQL  |2 slo 
650 4 |a Informačný systém  |2 slo 
650 4 |a Databáza  |2 slo 
650 4 |a UML  |2 slo 
650 4 |a MySQL  |2 eng 
650 4 |a Database  |2 eng 
650 4 |a Information System  |2 eng 
650 4 |a UML  |2 eng 
650 4 |a C#  |2 eng 
700 1 |a Juhás, Martin  |u 066000  |k Z1  |4 ths  |U MTF Materiálovotechnologická fakulta  |T MTF Ústav aplikovanej informatiky, automatizácie a mechatroniky  |X 2855  |U M6000  |Y 86  |7 A000002855 
856 4 |u http://is.stuba.sk/zp/portal_zp.pl?podrobnosti=180197 
996 |c M* BP-10012  |l MMSKP  |s P  |a 0  |w stuzp103663_0001